Discursos leídos ante la Real Academia de la Historia en la recepción pública de D. Pedro Gómez de la Serna en 13 diciembre de 1857. (Record no. 154430)

MARC details
000 -LEADER
campo de control de longitud fija 00873nam a2200193 i 4500
001 - NÚMERO DE CONTROL
campo de control 154430
003 - IDENTIFICADOR DE NÚMERO DE CONTROL
campo de control ES-MaACL
005 - FECHA Y HORA DE LA ÚLTIMA TRANSACCIÓN
campo de control 20250813040333.0
008 - DATOS DE LONGITUD FIJA--INFORMACIÓN GENERAL
campo de control de longitud fija 931025s1857 sp |||| | spa d
100 1# - ENTRADA PRINCIPAL--NOMBRE DE PERSONA
Nombre de persona Gómez de la Serna, Pedro.
9 (RLIN) 57900
245 10 - MENCIÓN DEL TÍTULO
Título Discursos leídos ante la Real Academia de la Historia en la recepción pública de D. Pedro Gómez de la Serna en 13 diciembre de 1857.
260 ## - PUBLICACIÓN, DISTRIBUCIÓN, ETC.
Lugar de publicación, distribución, etc. Madrid :
Nombre del editor, distribuidor, etc. [s.n.],
Fecha de publicación, distribución, etc. 1857 (
Fabricante Imp. de la Revista de Legislación a cargo de Julián Morales)
300 ## - DESCRIPCIÓN FÍSICA
Extensión 72 p. ;
Dimensiones 26 cm.
505 8# - NOTA DE CONTENIDO CON FORMATO
Nota de contenido con formato Tema: Reinado de D. Alfonso X, el Sabio . Contestación de D. Modesto Lafuente
600 04 - PUNTO DE ACCESO ADICIONAL DE MATERIA--NOMBRE DE PERSONA
Nombre de persona Alfonso
Numeración X,
Títulos y otros términos asociados al nombre Rey de Castilla
9 (RLIN) 19872
700 1# - ENTRADA AGREGADA--NOMBRE PERSONAL
Nombre de persona Lafuente, Modesto,
Fechas asociadas al nombre 1806-1866
9 (RLIN) 69535
852 4# - LOCALIZACIÓN
Ubicación ES-MaACL
Número de control de estantería T-40-F-5
Nota libre - Enc. hol., falto de cub. original
-- - Enc. en un vol. facticio
Holdings
Estatus retirado Estado de pérdida Estado de daño No para préstamo Colección Biblioteca de origen Biblioteca actual Ubicación en estantería Fecha de adquisición Total de préstamos Signatura topográfica completa Código de barras Visto por última vez Precio de reemplazo Tipo de ítem Koha
        Colección de folletos Biblioteca del Ateneo de Madrid Biblioteca del Ateneo de Madrid Depósito folletos 17/01/2008   T-40-F-5 1161501 23/02/2023 23/02/2023 Folleto